000 01196aam a2200373 i 4500
001 768714001
003 CO-MdFUSB
005 20250519152023.0
007 ta
008 160909t1995 -us |||| |||| 00| 0 eng d
020 _a978-0-281-06396-3
040 _aCO-MdFUSB
_bEspañol
_cCO-MdFUSB
_dCO-MdFUSB
041 _aspa
082 _224
_aG 248.32
_bB763m
100 1 _aBoulding, Maria
_eautor
245 1 0 _aMarked for life :
_bPrayer in the Easter Christ
_c/ Maria Boulding
250 _aEdición reeditada
264 1 _aLondon :
_bSPCK,
_c[1995]
264 4 _c©1995
300 _a116 páginas
336 _2rdacontent
_atexto
_btxt
337 _2rdamedia
_asin mediación
_bn
338 _2rdacarrier
_avolumen
_bnc
490 _aClassics
505 _aLa Pascua oculta - La batalla de la muerte y la vida - La relación real - Libertad para preguntar - La oración en los Salmos - Creación - Hacia la plenitud - La poda - El fin del comienzo.
563 _aRústico
650 0 _aTeología práctica
_9180
650 0 _919
_aVida cristiana
650 7 _986
_aOración
653 _aOración en los Salmos
942 _cBK
945 _aJTF-925
999 _c47111
_d47111